000 00322nam a22001457a 4500
008 210430b ||||| |||| 00| 0 eng d
020 _a9780742512030
041 _aeng
080 _a32
082 _a32
100 _a19
101 _aSHP
245 _aVarieties of Feminist Liberalism
_cAmy R. Baehr
942 _2udc
_cBK
999 _c57069
_d57069